| 000 | 00366pab a2200145 454500 | ||
|---|---|---|---|
| 008 | 180718b2002 xxu||||| |||| 00| 0 eng d | ||
| 100 | _aFriedman, Maurice | ||
| 245 | _aMartin Buber and dialogical psychotherapy | ||
| 260 | _c2002 | ||
| 300 | _ap.7-36. | ||
| 362 | _aFall | ||
| 650 | _aPsychotherapy | ||
| 773 | _aJournal of Humanistic Psychology | ||
| 909 | _a54478 | ||
| 999 |
_c54478 _d54478 |
||